Preparatory to biology for medical entrance exams : (Record no. 90600)
[ view plain ]
| 000 -LEADER | |
|---|---|
| fixed length control field | 00745nam a22002057a 4500 |
| 005 - DATE AND TIME OF LATEST TRANSACTION | |
| control field | 20150108145956.0 |
| 010 ## - LCCN (DPL NO) | |
| LC control number | ENG-111530 |
| 020 ## - INTERNATIONAL STANDARD BOOK NUMBER | |
| Terms of availability | 545.00 |
| International Standard Book Number | 9788189923402 |
| 035 ## - SYSTEM CONTROL NUMBER | |
| System control number | EN-95062 |
| 037 ## - SOURCE OF ACQUISITION | |
| Source of stock number/acquisition | DBAD/PUB |
| 082 ## - DEWEY DECIMAL CLASSIFICATION NUMBER | |
| Classification number | 574 |
| 100 ## - MAIN ENTRY--PERSONAL NAME | |
| Personal name | Verma,V. |
| 245 ## - TITLE STATEMENT | |
| Title | Preparatory to biology for medical entrance exams : |
| Statement of responsibility, etc | by V.Verma [and] O.P.Arora |
| Remainder of title | CBSE-AIPMT,AIIMS,AFMC,AMU,MANIPAL,J&K CET,BHU,CET (Karnataka),and other regional level exams / |
| 260 ## - PUBLICATION, DISTRIBUTION, ETC. (IMPRINT) | |
| Place of publication, distribution, etc | New Delhi |
| Name of publisher, distributor, etc | New Light Publishers |
| Date of publication, distribution, etc | 2015 |
| 270 ## - ADDRESS | |
| Address | B-8,Rattan Jyoti,18,Rajendra Place |
| City | New Delhi |
| Postal code | 110008 |
| 300 ## - PHYSICAL DESCRIPTION | |
| Extent | various pagings : |
| Dimensions | 28cm(pbk) |
| Other physical details | ill. |
| 490 ## - SERIES STATEMENT | |
| Series statement | New light's prepatory books series |
| 700 ## - ADDED ENTRY--PERSONAL NAME | |
| Personal name | Arora,O.P. |
| 942 ## - ADDED ENTRY ELEMENTS (KOHA) | |
| Source of classification or shelving scheme | Dewey Decimal Classification |
| Item type | English Books |
| Call number suffix | VER |
| Classification part | 574 |
| Withdrawn status | Lost status | Not for loan | Collection code | Home library | Current library | Date acquired | Source of acquisition | Cost, normal purchase price | Full call number | Barcode | Copy number | Cost, replacement price | Koha item type |
|---|---|---|---|---|---|---|---|---|---|---|---|---|---|
| Not For Loan | Non-fiction | D.B.Act.Division | D.B.Act.Division | 07/01/2015 | DBAD / PUB | 545.00 | 574 VER | EN-95062 | 1 | 545.00 | English Books |
